Statistics for Guess U.S. States By The Picture

Click here to take the quiz!

General Stats

  • This quiz has been taken 46 times
  • The average score is 13 of 16

Answer Stats

Answer% Correct
NewYork
98%
Alaska
95%
Nevada
95%
California
93%
Hawaii
90%
Florida
90%
Idaho
90%
SouthDakota
88%
Maine
85%
Louisiana
83%
Utah
83%
Texas
78%
Wyoming
73%
Colorado
66%
Arizona
61%
Connecticut
34%

Score Distribution

Percentile by Number Answered

Percent of People with Each Score

Your Score History

You have not taken this quiz